[Event "Titled Tuesday intern op 04th Mar Early"]
[Site "Chess.com INT"]
[Date "2025.03.04"]
[Round "3"]
[White "Phillips, Rene"]
[Black "Garcia Correa, Jose Ricardo"]
[Result "1-0"]
[WhiteElo "1904"]
[BlackElo "2103"]
[PlyCount "79"]
[EventDate "2025.03.04"]
[EventType "swiss (blitz)"]
[EventRounds "11"]
[EventCountry "USA"]
[SourceTitle "CB11_2025"]
[SourceDate "2025.03.12"]
[SourceVersion "1"]
[SourceVersionDate "2025.03.12"]
[SourceQuality "1"]

1. Nf3 f6 2. b3 e6 3. g3 Bc5 4. Bg2 Ne7 5. Bb2 0-0 6. 0-0 d5 7. d4 Bd6 8. c4 c6 9. Nc3 Kh8 10. Rc1 Nd7 11. e4 Qa5 12. Re1 dxc4 13. bxc4 Bb4 14. Qb3 c5 15. a3 Bxc3 16. Bxc3 Qc7 17. d5 e5 18. Rb1 Qd6 19. Nh4 Nb6 20. a4 Ng6 21. Nxg6+ hxg6 22. a5 Nd7 23. Rf1 g5 24. Qd1 Kg8 25. Qh5 Nb8 26. Qg6 b6 27. f4 gxf4 28. gxf4 exf4 29. e5 Qd7 30. exf6 Qf7 31. Qxf7+ Rxf7 32. fxg7 Bb7 33. Bh3 Rxg7+ 34. Bxg7 Kxg7 35. Rxf4 Na6 36. Be6 Nb4 37. Kh1 Kh6 38. Rg1 Kh5 39. Bf7+ Kh6 40. Rh4# 1-0

[Event "Titled Tuesday intern op 25th Feb Early"]
[Site "Chess.com INT"]
[Date "2025.02.25"]
[Round "3"]
[White "Pandey, Srishti"]
[Black "Phillips, Rene"]
[Result "1-0"]
[WhiteElo "2202"]
[BlackElo "1904"]
[PlyCount "59"]
[EventDate "2025.02.25"]
[EventType "swiss (blitz)"]
[EventRounds "11"]
[EventCountry "USA"]
[SourceTitle "CB10_2025"]
[SourceDate "2025.03.05"]
[SourceVersion "1"]
[SourceVersionDate "2025.03.05"]
[SourceQuality "1"]

1. e4 Nc6 2. Nf3 d5 3. exd5 Qxd5 4. Nc3 Qa5 5. Bc4 Bg4 6. h3 Qh5 7. Be2 Bxf3 8. Bxf3 Qe5+ 9. Ne2 0-0-0 10. Bxc6 bxc6 11. 0-0 e6 12. d4 Qh5 13. c3 Nf6 14. Qd3 Kb7 15. a4 e5 16. a5 e4 17. a6+ Kc8 18. Qc2 Bd6 19. Bf4 g5 20. Bxd6 Rxd6 21. Ng3 Qh4 22. Nf5 Qh5 23. Nxd6+ cxd6 24. Qb3 Kd7 25. Qb7+ Ke6 26. Qxc6 g4 27. hxg4 Nxg4 28. Qxe4+ Kf6 29. Qf4+ Kg6 30. f3 1-0

[Event "Titled Tuesday intern op 25th Feb Early"]
[Site "Chess.com INT"]
[Date "2025.02.25"]
[Round "4"]
[White "Phillips, Rene"]
[Black "Fabris, Alberto"]
[Result "1-0"]
[WhiteElo "1904"]
[BlackElo "2230"]
[PlyCount "55"]
[EventDate "2025.02.25"]
[EventType "swiss (blitz)"]
[EventRounds "11"]
[EventCountry "USA"]
[SourceTitle "CB10_2025"]
[SourceDate "2025.03.05"]
[SourceVersion "1"]
[SourceVersionDate "2025.03.05"]
[SourceQuality "1"]

1. Nf3 Nf6 2. d4 e6 3. Bf4 b6 4. e3 Bb7 5. Nbd2 Be7 6. Bd3 d5 7. Ne5 0-0 8. Qf3 Nbd7 9. h4 c5 10. c3 Nxe5 11. Bxe5 Nd7 12. Bxh7+ Kxh7 13. Qh5+ Kg8 14. Bxg7 Kxg7 15. Rh3 Rg8 16. Rg3+ Kf8 17. Qh6+ Ke8 18. Rxg8+ Bf8 19. Nf3 Qf6 20. Rxf8+ Ke7 21. Qxf6+ Nxf6 22. Rxa8 Bxa8 23. Ne5 Ne4 24. f3 Ng3 25. Kf2 Nf5 26. g4 Nxh4 27. Rh1 Ng6 28. Nxg6+ 1-0

[Event "Titled Tuesday intern op 17th Sep Early"]
[Site "Chess,com INT"]
[Date "2024.09.17"]
[Round "3"]
[White "Phillips, Rene"]
[Black "Mikhalsky, Vladimir"]
[Result "0-1"]
[WhiteElo "1904"]
[BlackElo "2219"]
[PlyCount "90"]
[EventDate "2024.09.17"]
[EventType "swiss (blitz)"]
[EventRounds "11"]
[EventCountry "USA"]
[SourceTitle "EXT 2025"]
[Source "ChessBase"]
[SourceDate "2024.10.14"]
[SourceVersion "1"]
[SourceVersionDate "2024.10.14"]
[SourceQuality "1"]

1. Nf3 d5 2. d4 Nf6 3. Bf4 c5 4. e3 Nc6 5. Nbd2 Bg4 6. c3 e6 7. Qb3 Qc8 8. h3 Bxf3 9. Nxf3 c4 10. Qc2 Be7 11. Be2 0-0 12. 0-0 b5 13. b3 Ne4 14. a4 a6 15. b4 h6 16. Ne5 Nxe5 17. Bxe5 Bd6 18. Bf4 Bxf4 19. exf4 Qc7 20. g3 f5 21. Bf3 Ra7 22. axb5 axb5 23. Bxe4 fxe4 24. Ra2 Rfa8 25. Rfa1 Qb6 26. Rxa7 Rxa7 27. Rxa7 Qxa7 28. Kg2 Qa3 29. Qd2 Kf7 30. h4 Qa1 31. h5 Qb1 32. Qe3 Qc2 33. g4 Qd1 34. Kg3 Qg1+ 35. Kh3 Qh1+ 36. Kg3 Qg1+ 37. Kh3 Qf1+ 38. Kg3 Qd3 39. Kg2 Kf6 40. Kg1 Qd1+ 41. Kg2 Qxg4+ 42. Qg3 Qxh5 43. f5 Qf3+ 44. Qxf3 exf3+ 45. Kxf3 Kxf5 0-1

[Event "Titled Tuesday intern op 03rd Sep Late"]
[Site "Chess.com INT"]
[Date "2024.09.03"]
[Round "4"]
[White "Phillips, Rene"]
[Black "Buchenau, Frank"]
[Result "0-1"]
[WhiteElo "1904"]
[BlackElo "2190"]
[PlyCount "92"]
[EventDate "2024.09.03"]
[EventType "swiss (blitz)"]
[EventRounds "11"]
[EventCountry "USA"]
[SourceTitle "EXT 2025"]
[Source "ChessBase"]
[SourceDate "2024.10.14"]
[SourceVersion "1"]
[SourceVersionDate "2024.10.14"]
[SourceQuality "1"]

1. d4 e6 2. Bf4 Nf6 3. e3 d5 4. Nd2 c5 5. c3 Nc6 6. Ngf3 Bd6 7. Bg3 0-0 8. Bd3 b6 9. Ne5 Qc7 10. f4 a5 11. Qe2 Ne7 12. 0-0 Nf5 13. Bf2 Be7 14. g4 Nd6 15. Bh4 Nfe4 16. Bxe7 Qxe7 17. g5 f6 18. gxf6 gxf6 19. Ng4 Kh8 20. Kh1 Rg8 21. Rg1 Bd7 22. Nh6 Rg6 23. Rxg6 hxg6 24. Rg1 Kg7 25. Qg4 Be8 26. Bxe4 dxe4 27. Qh4 Nf5 28. Nxf5+ exf5 29. Rg3 Bf7 30. Rh3 Bg8 31. Qh8+ Kf8 32. Nc4 b5 33. Nb6 Rb8 34. Nd5 Qg7 35. Nxf6 cxd4 36. Qxg8+ Qxg8 37. Nxg8 d3 38. Nf6 d2 39. Rh8+ Kg7 40. Rxb8 d1Q+ 41. Kg2 Qf3+ 42. Kg1 Qxe3+ 43. Kf1 Qxf4+ 44. Kg1 Kxf6 45. Rb7 Kg5 46. Rxb5 e3 0-1

[Event "Titled Tuesday intern op 30th Jul Late"]
[Site "Chess.com INT"]
[Date "2024.07.30"]
[Round "6"]
[White "Phillips, Rene"]
[Black "Hernandez Jimenez, Alexander Andres"]
[Result "1-0"]
[WhiteElo "1904"]
[BlackElo "2026"]
[PlyCount "56"]
[EventDate "2024.07.30"]
[EventType "swiss (blitz)"]
[EventRounds "11"]
[EventCountry "USA"]
[SourceTitle "EXT 2025"]
[Source "ChessBase"]
[SourceDate "2024.10.14"]
[SourceVersion "1"]
[SourceVersionDate "2024.10.14"]
[SourceQuality "1"]

1. d4 d5 2. Bf4 c6 3. e3 Nf6 4. Nf3 g6 5. Nbd2 Bg7 6. Bd3 0-0 7. Ne5 Nbd7 8. h4 h5 9. f3 Nxe5 10. Bxe5 Qb6 11. Nb3 a5 12. a4 c5 13. Nxc5 Qxb2 14. Rb1 Qa2 15. 0-0 Nd7 16. Bxg7 Kxg7 17. Ra1 Qb2 18. Rb1 Qa3 19. Rb3 Qa2 20. Bb5 Nxc5 21. dxc5 Be6 22. Qd4+ f6 23. Rb2 Qa3 24. Rb3 Qa2 25. Bd3 Bd7 26. Ra1 e5 27. Qc3 d4 28. exd4 Be6 1-0

[Event "Titled Tuesday intern op 30th Jul Late"]
[Site "Chess.com INT"]
[Date "2024.07.30"]
[Round "5"]
[White "Phillips, Rene"]
[Black "Stoettner, Lukas"]
[Result "1-0"]
[WhiteElo "1904"]
[BlackElo "2202"]
[PlyCount "25"]
[EventDate "2024.07.30"]
[EventType "swiss (blitz)"]
[EventRounds "11"]
[EventCountry "USA"]
[SourceTitle "EXT 2025"]
[Source "ChessBase"]
[SourceDate "2024.10.14"]
[SourceVersion "1"]
[SourceVersionDate "2024.10.14"]
[SourceQuality "1"]

1. d4 d5 2. Bf4 Nf6 3. e3 c5 4. c3 Nc6 5. Nf3 e6 6. Nbd2 Be7 7. Bd3 Nh5 8. Bg3 0-0 9. Ne5 Nxg3 10. Bxh7+ Kxh7 11. hxg3+ Kg8 12. Qh5 Nxe5 13. Qh8# 1-0

[Event "Titled Tuesday intern op 23rd Jul Late"]
[Site "Chess.com INT"]
[Date "2024.07.23"]
[Round "1"]
[White "Phillips, Rene"]
[Black "Chen, Max"]
[Result "0-1"]
[WhiteElo "1904"]
[BlackElo "2176"]
[PlyCount "88"]
[EventDate "2024.07.23"]
[EventType "swiss (blitz)"]
[EventRounds "11"]
[EventCountry "USA"]
[SourceTitle "EXT 2025"]
[Source "ChessBase"]
[SourceDate "2024.10.14"]
[SourceVersion "1"]
[SourceVersionDate "2024.10.14"]
[SourceQuality "1"]

1. d4 Nf6 2. Bf4 b6 3. e3 Bb7 4. Nf3 Nh5 5. Be5 d6 6. Bg3 Nxg3 7. hxg3 g6 8. Bc4 e6 9. Qe2 Bg7 10. Nbd2 Nd7 11. Ba6 Qc8 12. Bxb7 Qxb7 13. a4 a6 14. g4 e5 15. g5 0-0 16. 0-0-0 Rfe8 17. Nh2 exd4 18. Ng4 dxe3 19. fxe3 Qd5 20. Nh6+ Bxh6 21. Rxh6 Qxg5 22. Rdh1 Rxe3 23. Qc4 Nf6 24. Kb1 Rae8 25. Nf3 Qxg2 26. Nd4 Re1+ 27. Rxe1 Rxe1+ 28. Ka2 Qd5 29. Qxd5 Nxd5 30. Nc6 Re2 31. Kb3 f5 32. Rh1 f4 33. c4 Ne3 34. Ne7+ Kf7 35. Rxh7+ Kf6 36. Ng8+ Kg5 37. Nh6 f3 38. Nf7+ Kf6 39. Nh8 Nf5 40. Rf7+ Kg5 41. Rf8 f2 42. Nf7+ Kg4 43. Nh6+ Nxh6 44. Rf3 Kxf3 0-1

[Event "Titled Tuesday intern op 14th May Early"]
[Site "Chess.com INT"]
[Date "2024.05.14"]
[Round "3"]
[White "Phillips, Rene"]
[Black "Sakhayi, Mostafa"]
[Result "0-1"]
[WhiteElo "1911"]
[BlackElo "2181"]
[PlyCount "76"]
[EventDate "2024.05.14"]
[EventType "swiss (blitz)"]
[EventRounds "11"]
[EventCountry "USA"]
[SourceTitle "EXT 2025"]
[Source "ChessBase"]
[SourceDate "2024.10.14"]
[SourceVersion "1"]
[SourceVersionDate "2024.10.14"]
[SourceQuality "1"]

1. Nf3 d5 2. d4 Nf6 3. Bf4 c5 4. e3 Nc6 5. Nbd2 e6 6. c3 Bd6 7. Bg3 0-0 8. Bd3 b6 9. Ne5 Bb7 10. f4 Ne7 11. Qf3 Nf5 12. 0-0 Be7 13. Bf2 Nd6 14. Bh4 Nfe4 15. Bxe7 Qxe7 16. Qh3 f6 17. Ng4 g6 18. Rad1 Nxd2 19. Rxd2 Ne4 20. Re2 a5 21. Nh6+ Kh8 22. g4 Qg7 23. Rg2 cxd4 24. exd4 f5 25. gxf5 exf5 26. Qh4 Ba6 27. Bxa6 Rxa6 28. Rf3 b5 29. Rh3 Raf6 30. Re3 Qc7 31. a3 Kg7 32. Rh3 Rh8 33. Nxf5+ Rxf5 34. Qh6+ Kf7 35. Rxg6 hxg6 36. Qxh8 Ke6 37. Rh7 Rf7 38. Qe5+ Qxe5 0-1

[Event "Titled Tuesday intern op 05th Mar Early"]
[Site "Chess.com INT"]
[Date "2024.03.05"]
[Round "1"]
[White "Portal Ramos, Cristian"]
[Black "Phillips, Rene"]
[Result "1-0"]
[WhiteElo "2115"]
[BlackElo "1911"]
[PlyCount "103"]
[EventDate "2024.03.05"]
[EventType "swiss (blitz)"]
[EventRounds "11"]
[EventCountry "USA"]
[SourceTitle "EXT 2025"]
[Source "ChessBase"]
[SourceDate "2024.10.14"]
[SourceVersion "1"]
[SourceVersionDate "2024.10.14"]
[SourceQuality "1"]

1. e4 g6 2. d4 c5 3. Nf3 cxd4 4. Nxd4 Nc6 5. Nc3 Bg7 6. Be3 Nf6 7. f3 0-0 8. Bc4 d6 9. Qd2 Nxd4 10. Bxd4 Qa5 11. 0-0-0 Be6 12. Bxe6 fxe6 13. Kb1 Rac8 14. Nd5 Qxd2 15. Nxf6+ Bxf6 16. Rxd2 Bxd4 17. Rxd4 Rc5 18. Rhd1 Rfc8 19. R1d2 b5 20. a3 a5 21. b3 Rc3 22. Kb2 h5 23. R4d3 R3c5 24. f4 Kg7 25. Rg3 Kf6 26. Rf2 a4 27. e5+ Kg7 28. exd6 exd6 29. Re3 Kf6 30. Rfe2 Re8 31. Re4 axb3 32. Kxb3 d5 33. Re5 Rc4 34. Rxd5 Rxf4 35. Rxb5 e5 36. a4 e4 37. a5 e3 38. Kc3 Rf2 39. Kd3 Rxe2 40. Kxe2 Rc8 41. Rb2 Rc5 42. Ra2 Rc8 43. a6 Ra8 44. a7 Ke7 45. Kxe3 Kd7 46. Kf4 Kc7 47. Kg5 Kb7 48. Kxg6 Rg8+ 49. Kxh5 Rh8+ 50. Kg6 Rg8+ 51. Kf7 Ra8 52. g4 1-0

[Event "Titled Tuesday intern op 23rd Jan Early"]
[Site "Chess.com INT"]
[Date "2024.01.23"]
[Round "3"]
[White "Phillips, Rene"]
[Black "Rios Escobar, Adan"]
[Result "1-0"]
[WhiteElo "1852"]
[BlackElo "2234"]
[PlyCount "67"]
[EventDate "2024.01.23"]
[EventType "swiss (blitz)"]
[EventRounds "11"]
[EventCountry "USA"]
[SourceTitle "EXT 2025"]
[Source "ChessBase"]
[SourceDate "2024.10.14"]
[SourceVersion "1"]
[SourceVersionDate "2024.10.14"]
[SourceQuality "1"]

1. Nf3 Nf6 2. d4 g6 3. Bf4 Bg7 4. h3 d6 5. e3 0-0 6. Nbd2 Nc6 7. Bb5 Nd7 8. Bxc6 bxc6 9. 0-0 a5 10. a4 Ba6 11. Re1 Rb8 12. b3 c5 13. c3 cxd4 14. exd4 c5 15. c4 cxd4 16. Rb1 e5 17. Bg5 f6 18. Bh4 g5 19. Bg3 Qb6 20. Ne4 h6 21. Nxd4 f5 22. Nxf5 Rxf5 23. Nxd6 Rff8 24. Nb5 Bxb5 25. cxb5 Rbd8 26. Qd5+ Kh8 27. Rbd1 Nf6 28. Qc6 Qxc6 29. bxc6 Rxd1 30. Rxd1 Ne4 31. c7 Nxg3 32. Rd8 Ne2+ 33. Kf1 Nd4 34. c8Q 1-0

[Event "Titled Tuesday intern op 23rd Jan Early"]
[Site "Chess.com INT"]
[Date "2024.01.23"]
[Round "1"]
[White "Vardanyan, Aras"]
[Black "Phillips, Rene"]
[Result "1-0"]
[WhiteElo "2284"]
[BlackElo "1852"]
[PlyCount "41"]
[EventDate "2024.01.23"]
[EventType "swiss (blitz)"]
[EventRounds "11"]
[EventCountry "USA"]
[SourceTitle "EXT 2025"]
[Source "ChessBase"]
[SourceDate "2024.10.14"]
[SourceVersion "1"]
[SourceVersionDate "2024.10.14"]
[SourceQuality "1"]

1. Nf3 d5 2. g3 Bf5 3. Bg2 e6 4. c4 c6 5. 0-0 h6 6. Qb3 Qb6 7. d3 Nd7 8. Be3 Qxb3 9. axb3 a6 10. Bd4 Ngf6 11. Bc3 Be7 12. Nbd2 0-0 13. Rfd1 Rfe8 14. b4 Bd6 15. e4 dxe4 16. dxe4 Bxe4 17. Nxe4 Nxe4 18. Ne1 Nxc3 19. Rxd6 Ne5 20. bxc3 Nxc4 21. Rd7 1-0

[Event "Titled Tuesday intern op 19th Dec Late"]
[Site "Chess.com INT"]
[Date "2023.12.19"]
[Round "4"]
[White "Liascovich, Lucas"]
[Black "Phillips, Rene"]
[Result "1-0"]
[WhiteElo "2414"]
[BlackElo "1852"]
[PlyCount "69"]
[EventDate "2023.12.19"]
[EventType "swiss (blitz)"]
[EventRounds "11"]
[EventCountry "USA"]
[SourceTitle "EXT 2025"]
[Source "ChessBase"]
[SourceDate "2024.10.14"]
[SourceVersion "1"]
[SourceVersionDate "2024.10.14"]
[SourceQuality "1"]

1. e4 Nc6 2. d4 d5 3. exd5 Qxd5 4. Be3 e5 5. Nc3 Bb4 6. Nge2 exd4 7. Nxd4 Bxc3+ 8. bxc3 Nf6 9. Be2 0-0 10. Bf3 Qc4 11. Qd2 Ne5 12. Be2 Qd5 13. 0-0 Nc4 14. Bxc4 Qxc4 15. Qd3 Qd5 16. c4 Qh5 17. f3 a6 18. Rfe1 Bd7 19. Bf2 Rfe8 20. h3 Qg6 21. Qxg6 hxg6 22. c5 Ba4 23. c3 c6 24. Rab1 Bb5 25. Rxe8+ Nxe8 26. a4 Bxa4 27. Rxb7 Bb5 28. c4 Bxc4 29. Nxc6 a5 30. Bd4 a4 31. Ne7+ Kf8 32. c6 Nd6 33. Bc5 Nxb7 34. cxb7 Re8 35. Nc8+ 1-0

[Event "Titled Tuesday intern op 05th Dec Early"]
[Site "Chess.com INT"]
[Date "2023.12.05"]
[Round "4"]
[White "Phillips, Rene"]
[Black "Piddubna, Bozhena"]
[Result "0-1"]
[WhiteElo "1852"]
[BlackElo "2035"]
[PlyCount "50"]
[EventDate "2023.12.05"]
[EventType "swiss (blitz)"]
[EventRounds "11"]
[EventCountry "USA"]
[SourceTitle "EXT 2025"]
[Source "ChessBase"]
[SourceDate "2024.10.14"]
[SourceVersion "1"]
[SourceVersionDate "2024.10.14"]
[SourceQuality "1"]

1. Nf3 Nf6 2. d4 e6 3. Bf4 d5 4. e3 c5 5. c3 Nc6 6. Nbd2 Nh5 7. Bg3 g6 8. Bd3 Qb6 9. Rb1 Bg7 10. Bd6 cxd4 11. exd4 Nxd4 12. Ba3 Nb5 13. 0-0 Nxa3 14. bxa3 Qc7 15. Qa4+ Bd7 16. Bb5 Nf6 17. Qb4 Bf8 18. Qd4 Be7 19. Bxd7+ Qxd7 20. Ne5 Qc7 21. Ng4 e5 22. Nxe5 0-0 23. Ng4 Nxg4 24. Qxg4 Bxa3 25. Nf3 Be7 0-1

[Event "Titled Tuesday intern op 31st Oct Early"]
[Site "Chess.com INT"]
[Date "2023.10.31"]
[Round "1"]
[White "Farahat, Ali"]
[Black "Phillips, Rene"]
[Result "1-0"]
[WhiteElo "2327"]
[BlackElo "1852"]
[PlyCount "47"]
[EventDate "2023.10.31"]
[EventType "swiss (blitz)"]
[EventRounds "11"]
[EventCountry "USA"]
[SourceTitle "EXT 2025"]
[Source "ChessBase"]
[SourceDate "2024.10.14"]
[SourceVersion "1"]
[SourceVersionDate "2024.10.14"]
[SourceQuality "1"]

1. d4 Nc6 2. Nf3 Nf6 3. Bg5 e6 4. Nbd2 Be7 5. e4 d6 6. Bb5 Bd7 7. Qe2 e5 8. Bxc6 Bxc6 9. dxe5 dxe5 10. Nxe5 Qd4 11. Nxc6 bxc6 12. c3 Qe5 13. f4 Qb5 14. Qxb5 cxb5 15. 0-0-0 Ng4 16. Bxe7 Kxe7 17. Rdf1 Rhd8 18. h3 Nf6 19. Rf3 c5 20. e5 Nd5 21. Ne4 Rac8 22. Rd1 Rc6 23. Nd6 Nb6 24. Nf5+ 1-0

[Event "Titled Tuesday intern op 31st Oct Early"]
[Site "Chess.com INT"]
[Date "2023.10.31"]
[Round "2"]
[White "Phillips, Rene"]
[Black "Mohammadi, Melika"]
[Result "0-1"]
[WhiteElo "1852"]
[BlackElo "2164"]
[PlyCount "82"]
[EventDate "2023.10.31"]
[EventType "swiss (blitz)"]
[EventRounds "11"]
[EventCountry "USA"]
[SourceTitle "EXT 2025"]
[Source "ChessBase"]
[SourceDate "2024.10.14"]
[SourceVersion "1"]
[SourceVersionDate "2024.10.14"]
[SourceQuality "1"]

1. d4 Nf6 2. Bf4 d5 3. e3 c5 4. c3 Nc6 5. Nd2 cxd4 6. exd4 Bf5 7. Qb3 Qc8 8. Ngf3 e6 9. Bb5 Nh5 10. Be5 f6 11. Bg3 Nxg3 12. hxg3 Bd6 13. Nh4 a6 14. Be2 Ne7 15. g4 Bg6 16. Nxg6 Nxg6 17. g5 Qc7 18. gxf6 gxf6 19. g3 0-0-0 20. 0-0-0 Ne7 21. Rh6 e5 22. dxe5 fxe5 23. Kb1 Qc6 24. Nf3 d4 25. Nxe5 Qe4+ 26. Bd3 Qxe5 27. Re6 Qd5 28. Bc4 Qc6 29. Rxd4 Qc7 30. Rde4 Nc6 31. Bd5 Na5 32. Qa4 Bc5 33. Rc4 Nxc4 34. Qxc4 Kb8 35. Re1 Rhf8 36. Qe4 Bb6 37. Bb3 Rfe8 38. Qxe8 Rxe8 39. Rxe8+ Ka7 40. Re1 Bxf2 41. Bc2 Bxe1 0-1

[Event "Titled Tuesday intern op 31st Oct Early"]
[Site "Chess.com INT"]
[Date "2023.10.31"]
[Round "10"]
[White "Phillips, Rene"]
[Black "Todorovic, Bojan"]
[Result "1-0"]
[WhiteElo "1852"]
[BlackElo "2136"]
[PlyCount "73"]
[EventDate "2023.10.31"]
[EventType "swiss (blitz)"]
[EventRounds "11"]
[EventCountry "USA"]
[SourceTitle "EXT 2025"]
[Source "ChessBase"]
[SourceDate "2024.10.14"]
[SourceVersion "1"]
[SourceVersionDate "2024.10.14"]
[SourceQuality "1"]

1. d4 g6 2. Bf4 Bg7 3. e3 c5 4. c3 Qb6 5. Qb3 Nc6 6. Nf3 d6 7. Nbd2 Nf6 8. Bc4 0-0 9. h3 Na5 10. Qxb6 axb6 11. Be2 Nc6 12. 0-0 cxd4 13. exd4 Nd5 14. Bg3 Bd7 15. Rfe1 Rfe8 16. Bc4 Nc7 17. Ng5 Rf8 18. Ndf3 h6 19. Ne4 b5 20. Bb3 Na5 21. Nc5 dxc5 22. Bxc7 Nxb3 23. axb3 cxd4 24. Rxa8 Rxa8 25. Rxe7 dxc3 26. bxc3 Be6 27. Be5 Bd5 28. Bxg7 Kxg7 29. Nd4 Ra1+ 30. Kh2 Rb1 31. b4 Rc1 32. Rc7 Bc4 33. Rxb7 Rxc3 34. Nxb5 Rc2 35. Nd6 Bd5 36. Ne8+ Kf8 37. Rb8 1-0

[Event "Titled Tuesday intern op 10th Oct Late"]
[Site "Chess.com INT"]
[Date "2023.10.10"]
[Round "5"]
[White "Kostiukov, Alexandr"]
[Black "Phillips, Rene"]
[Result "1-0"]
[WhiteElo "2271"]
[BlackElo "1852"]
[PlyCount "63"]
[EventDate "2023.10.10"]
[EventType "swiss (blitz)"]
[EventRounds "11"]
[EventCountry "USA"]
[SourceTitle "EXT 2025"]
[Source "ChessBase"]
[SourceDate "2024.10.14"]
[SourceVersion "1"]
[SourceVersionDate "2024.10.14"]
[SourceQuality "1"]

1. g3 d5 2. Bg2 c6 3. d3 Bf5 4. e4 dxe4 5. dxe4 Qxd1+ 6. Kxd1 Bg4+ 7. f3 Be6 8. Be3 Na6 9. Nd2 g6 10. Bh3 Bxh3 11. Nxh3 Bg7 12. c3 Nf6 13. Ke2 0-0 14. a4 Rfd8 15. Nf2 Nc7 16. b4 Ne6 17. Nc4 Nd7 18. Rhc1 Ne5 19. Nxe5 Bxe5 20. f4 Bf6 21. e5 Bg7 22. Ne4 Nc7 23. c4 Na6 24. b5 Nb4 25. Rd1 Nc2 26. Rxd8+ Rxd8 27. Rc1 Nxe3 28. Kxe3 Kf8 29. Nc5 b6 30. Ne4 Rc8 31. c5 cxb5 32. cxb6 1-0

[Event "Titled Tuesday intern op 10th Oct Late"]
[Site "Chess.com INT"]
[Date "2023.10.10"]
[Round "2"]
[White "Nunez V, Gustavo Eduardo"]
[Black "Phillips, Rene"]
[Result "1-0"]
[WhiteElo "2226"]
[BlackElo "1852"]
[PlyCount "69"]
[EventDate "2023.10.10"]
[EventType "swiss (blitz)"]
[EventRounds "11"]
[EventCountry "USA"]
[SourceTitle "EXT 2025"]
[Source "ChessBase"]
[SourceDate "2024.10.14"]
[SourceVersion "1"]
[SourceVersionDate "2024.10.14"]
[SourceQuality "1"]

1. e4 Nc6 2. Nc3 Nf6 3. g3 e5 4. Bg2 Bb4 5. Nge2 0-0 6. 0-0 a6 7. d3 Be7 8. h3 d6 9. Be3 Ne8 10. f4 f5 11. exf5 Bxf5 12. g4 Bd7 13. f5 Bg5 14. Qd2 Bxe3+ 15. Qxe3 Qh4 16. Qg3 Qxg3 17. Nxg3 Nd4 18. Rf2 Bc6 19. Nd5 Kf7 20. c3 Nb5 21. a4 Na7 22. Ne4 h6 23. Nd2 Rc8 24. b3 Kg8 25. c4 Kh7 26. a5 Bd7 27. Ne7 Rb8 28. Ng6 Rf7 29. Bd5 Rf6 30. Ne4 Rxg6 31. fxg6+ Kxg6 32. Bf7+ Kh7 33. Raf1 Nc6 34. g5 Bxh3 35. g6+ 1-0

[Event "Titled Tuesday intern op 10th Oct Late"]
[Site "Chess.com INT"]
[Date "2023.10.10"]
[Round "4"]
[White "Phillips, Rene"]
[Black "Simpson, Michael"]
[Result "0-1"]
[WhiteElo "1852"]
[BlackElo "2039"]
[PlyCount "58"]
[EventDate "2023.10.10"]
[EventType "swiss (blitz)"]
[EventRounds "11"]
[EventCountry "USA"]
[SourceTitle "EXT 2025"]
[Source "ChessBase"]
[SourceDate "2024.10.14"]
[SourceVersion "1"]
[SourceVersionDate "2024.10.14"]
[SourceQuality "1"]

1. d4 d5 2. Bf4 c5 3. e3 Nc6 4. c3 Qb6 5. Qb3 c4 6. Qc2 e5 7. dxe5 Bf5 8. Qc1 g5 9. Bg3 h5 10. h3 Bg7 11. Nf3 g4 12. Nd4 Nge7 13. Nxf5 Nxf5 14. Bf4 0-0-0 15. hxg4 hxg4 16. Rxh8 Rxh8 17. Na3 Bxe5 18. Qd2 Bxf4 19. exf4 Re8+ 20. Be2 g3 21. 0-0-0 gxf2 22. Bg4 Nce7 23. Nxc4 Qe6 24. Ne3 d4 25. cxd4 Kb8 26. Nxf5 Nxf5 27. Qxf2 Qc6+ 28. Qc2 Qxc2+ 29. Kxc2 Ne3+ 0-1